000 00690nam a2200205Ii 4500
003 JO-AjNU
008 230605s9999||||xx |||||||||||||| ||und||
040 _aJO-AjNU
_bara
_erda
_cJO-AjNU
041 _aara
050 1 4 _aBH39.R3964 1987
100 3 _aعباس، راوية عبد المنعم,
_eauthor
_952925
245 0 0 _aالقيم الجمالية
264 3 1 _aالاسكندرية: دار المعرفة الجامعية، 1987
300 _a416ص
336 _atext
_btxt
_2rdacontent
337 _aunmediated
_bn
_2rdamedia
338 _avolume
_bnc
_2rdacarrier
490 0 _aدراسات في الفن والجمال 1
650 4 _aالجمال- علم الجمال
_952926
999 _aA23473
_c27041
_d27041